000 01166nam a2200289 i 4500
001 6716
003 ES-MaACL
005 20250812095040.0
008 900301s1989 sp o |||| | spa d
020 _a84-404-4044-8
080 _a94(460)"19"(0:77)(083.824)
080 _a77(460)"19"(083.824)
245 0 0 _aEfemérides, 1939-1989 :
_b[exposición] /
_cdirección y coordinación, Beatriz de Laiglesia.
260 _aMadrid :
_bAgencia Efe,
_c1989.
300 _a315 p. :
_bprincipalmente fot. ;
_c30 cm.
585 _aCatálogo de la exposición celebrada en Madrid, en 1989, con motivo del 50 aniversario de la Agencia Efe.
650 4 _aFotografía periodística-
_zEspaña-
_vExposiciones.
_9137899
650 4 _aFotografía-
_zEspaña-
_yS.XX-
_vExposiciones.
_9173401
651 4 _aEspaña-
_xHistoria-
_y1939-1975, Dictadura-
_vObras ilustradas.
_9172539
651 4 _aEspaña-
_xHistoria-
_y1975-2014, Juan Carlos I-
_vObras ilustradas.
_9173406
655 7 _2tgfbne
_9193628
_aCatálogos de exposiciones
700 1 _aLaiglesia, Beatriz de.
_969668
710 2 _aAgencia EFE
_91264
852 _aES-MaACL
_jB-261
942 _2udc
999 _c6716
_d6716